| 000 | 01211nam a22002777a 4500 | ||
|---|---|---|---|
| 001 | 4303 | ||
| 003 | FISKH | ||
| 005 | 20240717082204.0 | ||
| 008 | 240717b cb ||||| |||| 00| 0 eng d | ||
| 020 | _a59781434217363 | ||
| 040 |
_aFISKH _beng _cFISKH _dFISKH |
||
| 050 | _aPZ7.K9523 | ||
| 082 | _a741.5973 | ||
| 100 | _aKupperberg, Paul | ||
| 245 |
_aSuperman : _bSuper-villain showdown / _cWritten by Paul Kupperberg ; illustrated by Erik Doescher, Mike Decarlo, and Lee Loughridge ; Superman Created by Jerry Siegel and Joe Shuster |
||
| 260 |
_aMinnesota : _bStone Arch Books, _c2010. |
||
| 300 |
_a48 pages : _bcolor illustrations ; _c19 cm |
||
| 490 | _aDC comics super heroes | ||
| 520 | _a"Intergalactic peacekeepers are chasing the evil Terra-Man through space! When this super-villain seeks refuge on Earth, Superman offers to join the peacekeepers' posse. Soon the Man of Steel locates the gun-slinging criminal in an Old West ghost town, and the two face off in an old-fashioned showdown" | ||
| 521 | 8 | _a660 | |
| 700 |
_aDoescher, Erik _eIllustrator |
||
| 700 |
_aDecarlo, Mike _eIllustrator |
||
| 700 |
_aLoughridge, Lee _eIllustrator |
||
| 942 |
_2ddc _cBK _n0 |
||
| 999 |
_c4303 _d4303 |
||